| 000 | 00818nam a2200229 i 4500 | ||
|---|---|---|---|
| 001 | 106106 | ||
| 003 | ES-MaACL | ||
| 005 | 20250902174538.0 | ||
| 007 | t| | ||
| 008 | 060927s1973 ag |||| | spa d | ||
| 080 | _a821.134.2(861) García Márquez, Gabriel 1.07 | ||
| 080 | _a82-3.08 | ||
| 100 | 1 |
_aRama, Ángel. _995057 |
|
| 245 | 1 | 0 |
_aGarcía Márquez y la problemática de la novela / _cÁngel Rama, Mario Vargas Llosa. |
| 260 |
_a[Buenos Aires] : _bCorregidor-Marcha, _c1973. |
||
| 300 |
_a89 p. ; _c18 cm. |
||
| 600 | 1 | 4 |
_aGarcía Márquez, Gabriel, _d1927-2014- _xCrítica e interpretación _954890 |
| 650 | 4 |
_aNovela- _xTeoría y técnica. _915606 |
|
| 700 | 1 |
_aVargas Llosa, Mario, _d1936-2025 _9240060 |
|
| 852 |
_aES-MaACL _jAND-787 _z. - Biblioteca Juan Andrade |
||
| 999 |
_c106106 _d106106 |
||